000 00685nac a22001931u 4500
020 _a8120324544
082 _a621.38154
_bAn14
090 _c2937
_d2937
100 _aAnand ,M.M.S.
245 _aElectronic Instruments and Instrumentatio Technology /
_bM.M.S.Anand.
260 _aNew Delhi:
_bPrentic-Hall Of India,
_cc.2006.
300 _a728p.:
_bill;
_c25cm.
504 _aIncludes Index.
650 _aElectronic measurements.
650 _aElectronic instruments.
700 _aAnand ,M.M.S.
942 _cBB
_k621.38154An14
999 _c2937
_d2937